000 00506nam a2200181Ia 4500
001 24652
005 20260414151058.0
008 260414t2012||||xx |||||||||||||| ||spa||
041 _aESP
082 _a345.721
_bG15
100 _aGalluccio Tonder, Giuseppe Domenico
_eAUT
245 0 _aArbitraje comercial :
_bla extensión del convenio arbitral a los grupos de sociedades
260 _c2012
300 _aviii, 248 páginas :
_c24 cm.
650 _aDER
654 _aCDE
942 _cLIB
_dJUS
_fJUS
_2ddc
_n
999 _c24652
_d24652